NBA 2000's Top Point Scorers - Statistics

General Stats
  • This quiz has been taken 166 times
  • The average score is 12 of 20
Answer Stats
Points Player % Correct
21,671 Kobe Bryant
98%
13,975 LeBron James
98%
14,773 Shaquille O'Neal
98%
18,931 Dirk Nowitzki
86%
16,246 Tim Duncan
86%
16,484 Kevin Garnett
83%
18,657 Allen Iverson
82%
17,905 Paul Pierce
82%
12,737 Steve Nash
77%
16,043 Tracy McGrady
75%
15,949 Ray Allen
70%
17,153 Vince Carter
70%
13,197 Richard Hamilton
36%
13,443 Shawn Marion
32%
12,230 Peja Stojakovic
28%
15,453 Antawn Jamison
23%
12,824 Elton Brand
22%
13,239 Jason Terry
17%
12,441 Mike Bibby
14%
13,241 Rashard Lewis
14%
No matching quizzes found
Score Distribution
Percent of People with Each Score
Percentile by Number Answered
Your Score History
You have not taken this quiz